[Event "6th LCT GpA 2012"]
[Site "Leiden NED"]
[Date "2012.07.09"]
[Round "4.12"]
[White "Van Der Wiel, John T.H."]
[Black "Zakhartsov, Vladimir"]
[Result "1/2-1/2"]
[WhiteTitle "GM"]
[WhiteElo "2430"]
[BlackElo "2271"]
[WhiteFideId "1000020"]
[BlackFideId "4145097"]
[EventDate "2012.07.06"]

1. e4 c5 2. Nf3 g6 3. d4 cxd4 4. Nxd4 Bg7 5. c4 Nc6 6. Be3 Nf6 7. Nc3 d6 8. Be2
O-O 9. O-O Nxd4 10. Bxd4 Bd7 11. Qd2 Bc6 12. f3 a5 13. b3 Nd7 14. Be3 Nc5 15.
Rab1 Qb6 16. Rfc1 Rfc8 17. Rc2 h5 18. Bf1 Kh7 19. Kh1 Qd8 20. Re1 Qh8 21. Nd5
Bxd5 22. exd5 Bf6 23. g3 Rc7 24. h4 Qc8 25. Kh2 b5 26. cxb5 Nxb3 27. Rxc7 Nxd2
28. Rxc8 Nxf3+ 29. Kh1 Rxc8 30. Rb1 Bd4 31. Bxd4 Nxd4 32. b6 Rb8 33. b7 1/2-1/2

[Event "6th LCT GpA 2012"]
[Site "Leiden NED"]
[Date "2012.07.09"]
[Round "4.14"]
[White "Erwich, Frank"]
[Black "Rabus, Berthold"]
[Result "1-0"]
[WhiteTitle "FM"]
[WhiteElo "2376"]
[BlackElo "2220"]
[WhiteFideId "1007076"]
[BlackFideId "24615170"]
[EventDate "2012.07.06"]

1. c4 Nf6 2. Nc3 e5 3. g3 Nc6 4. Bg2 Bb4 5. e4 a5 6. Nge2 O-O 7. O-O d6 8. h3
Bc5 9. d3 Ne8 10. Nb5 f5 11. exf5 Bxf5 12. d4 exd4 13. Nbxd4 Bd7 14. Be3 Nxd4
15. Bxd4 Bxd4 16. Qxd4 Kh8 17. Nf4 Qf6 18. Qd2 Bc6 19. Bxc6 bxc6 20. Rae1 Qf5
21. Re7 Rf7 22. Rfe1 Rxe7 23. Rxe7 Kg8 24. Qe3 Kf8 25. Ne6+ Kg8 26. Nd4 Qg6 27.
Nxc6 h6 28. Re4 Kh7 29. Ne7 Qf7 30. Rf4 Nf6 31. Rxf6 Qxf6 32. Qe4+ g6 33. Qxa8
Qxe7 34. Qxa5 Qd7 35. Qd5 c6 36. Qd3 h5 37. b4 d5 38. b5 cxb5 39. Qxd5 Qxd5 40.
cxd5 Kg7 41. f4 Kf6 42. Kf2 1-0

[Event "6th LCT GpA 2012"]
[Site "Leiden NED"]
[Date "2012.07.09"]
[Round "4.15"]
[White "Von Meijenfeldt, Bart"]
[Black "Goudriaan, Etienne"]
[Result "0-1"]
[BlackTitle "FM"]
[WhiteElo "2123"]
[BlackElo "2375"]
[WhiteFideId "1032259"]
[BlackFideId "1021150"]
[EventDate "2012.07.06"]

1. e4 c5 2. Nf3 d6 3. d4 Nf6 4. Nc3 cxd4 5. Nxd4 a6 6. Be3 Ng4 7. Bc1 Nf6 8. Be3
e5 9. Nb3 Be6 10. f3 Nbd7 11. Qd2 h5 12. a4 Qc7 13. Be2 Rd8 14. a5 Be7 15. O-O
h4 16. Rfd1 Rc8 17. Bf1 O-O 18. Rac1 Rfe8 19. Nd5 Bxd5 20. exd5 e4 21. c4 h3 22.
f4 Ng4 23. g3 Bf6 24. Rc2 Nxe3 25. Qxe3 Nc5 26. Bxh3 Nxb3 27. Qxb3 Rb8 28. Qa4
Qc5+ 29. Kf1 Re7 30. b4 Qe3 31. Re2 Qf3+ 32. Rf2 Qh5 33. Kg2 e3 34. g4 Qh6 35.
g5 Bxg5 36. Re2 Bxf4 37. Rf1 Re5 38. Rf3 Rg5+ 39. Kh1 Qh5 40. Rexe3 Bxe3 41.
Rxe3 Re5 0-1

[Event "6th LCT GpA 2012"]
[Site "Leiden NED"]
[Date "2012.07.09"]
[Round "4.16"]
[White "Slingerland, Fred"]
[Black "Vrublevskaya, Olga"]
[Result "0-1"]
[WhiteTitle "IM"]
[BlackTitle "WIM"]
[WhiteElo "2360"]
[BlackElo "2129"]
[WhiteFideId "1002473"]
[BlackFideId "4130545"]
[EventDate "2012.07.06"]

1. e4 c5 2. Nf3 e6 3. d4 cxd4 4. Nxd4 Nf6 5. Nc3 d6 6. Be2 Be7 7. O-O O-O 8. f4
Nc6 9. Be3 e5 10. Nf5 Bxf5 11. exf5 exf4 12. Rxf4 d5 13. Nb5 Re8 14. Rf1 a6 15.
c3 axb5 16. Bxb5 Bd6 17. Bd4 Be5 18. Bc5 Ne4 19. Bf2 Nxf2 20. Rxf2 Qb6 21. Qf1
Bf6 22. a4 Re4 23. Kh1 Ne5 24. Rd2 Rd8 25. a5 Qc5 26. Rad1 Rh4 27. h3 Ng4 0-1

[Event "6th LCT GpA 2012"]
[Site "Leiden NED"]
[Date "2012.07.09"]
[Round "4.17"]
[White "Spaan, Nathanael"]
[Black "Blom, Vincent"]
[Result "1-0"]
[WhiteElo "2206"]
[BlackElo "2119"]
[WhiteFideId "1006118"]
[BlackFideId "1014358"]
[EventDate "2012.07.06"]

1. e4 e5 2. Nf3 Nf6 3. Nxe5 d6 4. Nf3 Nxe4 5. Nc3 Nxc3 6. dxc3 Nd7 7. Be3 Be7 8.
Qd2 O-O 9. O-O-O Nc5 10. h3 a5 11. g4 c6 12. Nd4 Ne4 13. Qe1 d5 14. Bd3 Nd6 15.
Rg1 Re8 16. Qd2 Ne4 17. Bxe4 dxe4 18. Qe2 Qc7 19. Nf5 Bxf5 20. gxf5 Bf6 21. Qg4
Kh8 22. Bd4 Bxd4 23. Rxd4 f6 24. Rxe4 Rxe4 25. Qxe4 Qf7 26. Qe6 Qxe6 27. fxe6
Rd8 28. e7 Re8 29. Rd1 Kg8 30. Rd7 b5 31. Rc7 Kf7 32. Kd2 Rxe7 33. Rxc6 g5 34.
Rc5 Rb7 35. b3 h5 36. Ke3 Kg6 37. c4 bxc4 38. Rxc4 Rb5 39. a4 Rb6 40. Rc5 Ra6
41. c4 Re6+ 42. Kf3 Rb6 43. Rb5 Rd6 44. c5 Rd3+ 45. Kg2 f5 46. c6 Rc3 47. Rxa5
Rxc6 48. Re5 Kf6 49. Re2 Rb6 50. Rb2 Ra6 51. Ra2 Ke5 52. b4 Kd5 53. b5 Ra5 54.
Kg3 f4+ 55. Kf3 Ke5 56. b6 Kd6 57. Rb2 Ra8 58. b7 Rb8 59. a5 1-0

[Event "6th LCT GpA 2012"]
[Site "Leiden NED"]
[Date "2012.07.09"]
[Round "4.18"]
[White "Blankert, Willem"]
[Black "Ypma, Peter"]
[Result "0-1"]
[WhiteElo "2030"]
[BlackElo "2175"]
[WhiteFideId "1015850"]
[BlackFideId "1027255"]
[EventDate "2012.07.06"]

1. Nf3 Nf6 2. c4 e6 3. g3 d5 4. Bg2 c6 5. d4 Be7 6. O-O O-O 7. Qc2 Nbd7 8. Nbd2
c5 9. cxd5 Nxd5 10. Ne4 cxd4 11. Nxd4 N7f6 12. Rd1 Qb6 13. Bg5 Rd8 14. Nxf6+
Nxf6 15. Be3 Qa6 16. Nb3 Bd7 17. Qc7 Nd5 18. Bxd5 exd5 19. Rxd5 Bc6 20. Rxd8+
Bxd8 21. Qf4 Qxe2 22. Bxa7 Bg5 23. Qxg5 Qf3 24. Kf1 h6 25. Qe3 Qg2+ 26. Ke2 Re8
27. Qxe8+ Bxe8 28. h4 Qe4+ 29. Be3 Bb5+ 30. Kd1 Qf3+ 31. Kc2 Qe2+ 32. Nd2 Qd3+
33. Kd1 Bd7 34. a4 Bg4+ 35. Kc1 Bf5 36. Kd1 Qc2+ 37. Ke2 Bd3+ 38. Kf3 Qc6+ 39.
Kg4 Qe6+ 40. Kf3 Qd5+ 41. Kg4 Bf5+ 42. Kf4 g5+ 43. hxg5 hxg5+ 44. Kxg5 Bg6+ 45.
Kf6 Qe6+ 0-1

[Event "6th LCT GpA 2012"]
[Site "Leiden NED"]
[Date "2012.07.09"]
[Round "4.28"]
[White "Sanders, Isaac B"]
[Black "Mostertman, Conrad"]
[Result "1-0"]
[WhiteElo "2100"]
[BlackElo "1978"]
[WhiteFideId "417661"]
[BlackFideId "1007661"]
[EventDate "2012.07.06"]

1. d4 Nf6 2. Nf3 c5 3. e3 e6 4. Bd3 Nc6 5. O-O d5 6. b3 cxd4 7. exd4 Be7 8. Nbd2
O-O 9. a3 b6 10. Bb2 Bb7 11. Qe2 Rc8 12. Rae1 Nh5 13. g3 g6 14. h4 Ng7 15. Kg2
Nf5 16. h5 Bf6 17. hxg6 hxg6 18. c3 Kg7 19. Rh1 Rh8 20. Rxh8 Qxh8 21. Rh1 Qd8
22. g4 Nh4+ 23. Nxh4 Bxh4 24. Nf3 Bf6 25. Qd2 Kf8 26. Rh7 Bg7 27. Ng5 Ne7 1-0

[Event "6th LCT GpA 2012"]
[Site "Leiden NED"]
[Date "2012.07.09"]
[Round "4.31"]
[White "Weiland, Harro"]
[Black "Koenig, Dirk"]
[Result "0-1"]
[WhiteElo "1948"]
[BlackElo "2065"]
[WhiteFideId "1006690"]
[BlackFideId "4636619"]
[EventDate "2012.07.06"]

1. d4 d6 2. e4 Nf6 3. Nc3 g6 4. Be3 Bg7 5. h3 O-O 6. Nf3 c5 7. dxc5 Qa5 8. Nd2
dxc5 9. Nc4 Qc7 10. Bd3 Nbd7 11. O-O b6 12. a4 Bb7 13. a5 Rfd8 14. Qe2 Bc6 15.
Nd2 Nf8 16. Nb5 Qd7 17. axb6 axb6 18. Rfd1 Ne6 19. Ra3 Rxa3 20. Nxa3 Nxe4 21.
Nac4 Nxd2 22. Rxd2 Qb7 23. Qf1 Ra8 24. c3 b5 25. Na3 c4 26. Be2 Bxc3 27. bxc3
Rxa3 28. Bh6 Qa8 0-1

[Event "6th LCT GpA 2012"]
[Site "Leiden NED"]
[Date "2012.07.10"]
[Round "5.2"]
[White "Howell, David W L"]
[Black "Bok, Benjamin"]
[Result "1/2-1/2"]
[WhiteTitle "GM"]
[BlackTitle "IM"]
[WhiteElo "2620"]
[BlackElo "2512"]
[WhiteFideId "410608"]
[BlackFideId "1017063"]
[EventDate "2012.07.06"]

1. d4 Nf6 2. c4 g6 3. Nc3 d5 4. Bg5 Ne4 5. Bh4 Nxc3 6. bxc3 dxc4 7. e3 Be6 8.
Nf3 c5 9. Be2 Bg7 10. O-O O-O 11. Rb1 cxd4 12. Nxd4 Bd5 13. Qc2 Qc7 14. e4 Bc6
15. Bxc4 b6 16. Bg3 Qb7 17. Rfe1 e6 18. Qe2 a6 19. h4 h5 20. Bf4 b5 21. Bd3 e5
22. Nxc6 exf4 23. Nxb8 1/2-1/2

[Event "6th LCT GpA 2012"]
[Site "Leiden NED"]
[Date "2012.07.10"]
[Round "5.3"]
[White "Zakhartsov, Viacheslav V."]
[Black "Vorobiov, Evgeny E."]
[Result "1/2-1/2"]
[WhiteTitle "GM"]
[BlackTitle "GM"]
[WhiteElo "2547"]
[BlackElo "2586"]
[WhiteFideId "4115333"]
[BlackFideId "4121341"]
[EventDate "2012.07.06"]

1. d4 Nf6 2. c4 e6 3. Nf3 d5 4. Nc3 dxc4 5. e4 Bb4 6. Bg5 c5 7. e5 cxd4 8. Nxd4
Qa5 9. exf6 Bxc3+ 10. bxc3 Qxg5 11. fxg7 Qxg7 12. Qd2 O-O 13. Bxc4 Rd8 14. Qe3
Bd7 15. O-O Nc6 16. Nf3 Ne7 17. Ne5 Ng6 18. f4 Rac8 19. Be2 Bc6 20. g3 Rd5 21.
c4 Ra5 22. Nxc6 Rxc6 23. Rab1 b6 24. Qd2 1/2-1/2

[Event "6th LCT GpA 2012"]
[Site "Leiden NED"]
[Date "2012.07.10"]
[Round "5.4"]
[White "Khenkin, Igor"]
[Black "Luch, Michal"]
[Result "1/2-1/2"]
[WhiteTitle "GM"]
[BlackTitle "IM"]
[WhiteElo "2669"]
[BlackElo "2426"]
[WhiteFideId "4659600"]
[BlackFideId "1120042"]
[EventDate "2012.07.06"]

1. d4 d5 2. Nf3 Nf6 3. c4 dxc4 4. Qa4+ Nc6 5. e3 Be6 6. Bxc4 Bxc4 7. Qxc4 e6 8.
Nc3 Bb4 9. O-O Bxc3 10. bxc3 Qd5 11. Qe2 O-O 12. Rb1 b6 13. Rb5 Qe4 14. Ng5 Qg6
15. e4 a6 16. Rb2 h6 17. e5 hxg5 18. exf6 Qxf6 19. f4 g4 20. Qxg4 Qf5 21. Qf3
Qd5 22. Qh3 f5 23. Re2 Rf6 24. Rfe1 Rh6 25. Qd3 b5 26. Ba3 Kf7 27. Bc5 Rd8 28.
Qg3 Rdh8 29. h3 Rg6 30. Qd3 1/2-1/2

[Event "6th LCT GpA 2012"]
[Site "Leiden NED"]
[Date "2012.07.10"]
[Round "5.12"]
[White "Van Der Raaf, Erik"]
[Black "Admiraal, Miguoel"]
[Result "1/2-1/2"]
[WhiteElo "2158"]
[BlackElo "2286"]
[WhiteFideId "1004115"]
[BlackFideId "1019716"]
[EventDate "2012.07.06"]

1. e4 d6 2. d4 Nf6 3. Nc3 g6 4. Be3 c6 5. Qd2 b5 6. f3 Nbd7 7. d5 b4 8. dxc6
bxc3 9. cxd7+ Bxd7 10. Qxc3 Bg7 11. Bc4 Rc8 12. Ne2 d5 13. exd5 O-O 14. Qb3 Qc7
15. Bd3 Rb8 16. Bf4 Qa5+ 17. Qc3 Rb4 18. Bc7 Qa4 19. Qc5 Rxb2 20. Nc3 Qh4+ 21.
g3 Qh5 22. O-O-O Rb6 23. Bxb6 axb6 24. Qxe7 Re8 25. Qd6 Qxf3 26. Rde1 Bf8 27.
Rxe8 Qxh1+ 28. Kb2 Bxe8 29. Qxf6 Qg1 30. Qd8 1/2-1/2

[Event "6th LCT GpA 2012"]
[Site "Leiden NED"]
[Date "2012.07.10"]
[Round "5.15"]
[White "Ypma, Peter"]
[Black "Van Halderen, Herman"]
[Result "1-0"]
[WhiteElo "2175"]
[BlackElo "2062"]
[WhiteFideId "1027255"]
[BlackFideId "1026682"]
[EventDate "2012.07.06"]

1. e4 c5 2. Nc3 Nc6 3. f4 g6 4. Nf3 Bg7 5. Bb5 e6 6. Bxc6 bxc6 7. O-O Ne7 8. d3
d5 9. Qe1 O-O 10. Kh1 Rb8 11. Na4 c4 12. e5 cxd3 13. cxd3 d4 14. b3 Re8 15. Ng5
Nd5 16. Ne4 f6 17. Nd6 Rf8 18. Ba3 Ne3 19. Nxc8 Qd5 20. Ne7+ 1-0

[Event "6th LCT GpA 2012"]
[Site "Leiden NED"]
[Date "2012.07.10"]
[Round "5.16"]
[White "Van Haastert, Edwin"]
[Black "Van der Hoeven, Gerben"]
[Result "1-0"]
[WhiteTitle "IM"]
[WhiteElo "2440"]
[BlackElo "1961"]
[WhiteFideId "1003992"]
[BlackFideId "1040006"]
[EventDate "2012.07.06"]

1. d4 c5 2. d5 Nf6 3. c4 b5 4. Nf3 g6 5. cxb5 a6 6. e3 Qa5+ 7. Bd2 Qb6 8. Nc3 d6
9. a4 Qb7 10. e4 e6 11. bxa6 Nxa6 12. Bb5+ Bd7 13. dxe6 fxe6 14. O-O Nc7 15. Bg5
Nxb5 16. axb5 Nxe4 17. Nxe4 Qxe4 18. Re1 Qb7 19. Rxa8+ Qxa8 20. Bf6 Rg8 21. Ng5
Qc8 22. Qd5 Be7 23. Nxe6 Bxf6 24. Ng5+ Kd8 25. b6 Rg7 26. Qg8+ Rxg8 27. Nf7# 1-0

[Event "6th LCT GpA 2012"]
[Site "Leiden NED"]
[Date "2012.07.10"]
[Round "5.18"]
[White "Van Beek, Alexander"]
[Black "Sanders, Isaac B"]
[Result "1/2-1/2"]
[WhiteTitle "IM"]
[WhiteElo "2329"]
[BlackElo "2100"]
[WhiteFideId "1007262"]
[BlackFideId "417661"]
[EventDate "2012.07.06"]

1. e4 c5 2. Nf3 d6 3. d4 cxd4 4. Nxd4 Nf6 5. Nc3 a6 6. Be3 e5 7. Nf3 Be7 8. Bc4
O-O 9. O-O Be6 10. Bb3 Nc6 11. Qe2 Na5 12. Rfd1 Nxb3 13. axb3 Nd7 14. Nd5 Rc8
15. c4 f5 16. Nxe7+ Qxe7 17. Bg5 Nf6 18. exf5 Bxf5 19. Nd2 Qf7 20. f3 Nd7 21.
Ne4 Bxe4 22. Qxe4 Nc5 23. Qe3 h6 24. Bh4 Qf4 25. Bf2 Qxe3 26. Bxe3 Nxb3 27. Ra3
Nd4 28. Bxd4 exd4 29. Rxd4 b5 30. Rxa6 bxc4 31. Rdxd6 c3 32. bxc3 Rxc3 33. Rd7
Kh8 34. Raa7 Rg8 35. f4 Rb8 36. h3 Rg3 37. Kh2 Rg6 38. g4 Rg8 39. Rf7 Rb6 40.
Kg3 Rb3+ 41. Kg2 Rb2+ 42. Kf3 Rb3+ 43. Ke4 Rxh3 44. Kf5 Rb3 45. Kg6 Rb7 46. Kh5
Rb5+ 47. f5 Rb3 48. Rfc7 g6+ 49. Kxh6 Rh3+ 50. Kg5 gxf5+ 51. Kxf5 Rf3+ 52. Ke4
Rh3 53. Kf4 Rh4 54. Kf5 Rgxg4 55. Rh7+ Rxh7 56. Rxh7+ Kxh7 57. Kxg4 1/2-1/2

[Event "6th LCT GpA 2012"]
[Site "Leiden NED"]
[Date "2012.07.10"]
[Round "5.19"]
[White "Koenig, Dirk"]
[Black "Van Overdam, Julian"]
[Result "1-0"]
[WhiteElo "2065"]
[BlackElo "2277"]
[WhiteFideId "4636619"]
[BlackFideId "1015303"]
[EventDate "2012.07.06"]

1. c4 e5 2. g3 Nc6 3. Bg2 f5 4. Nc3 Nf6 5. a3 a5 6. e3 e4 7. d4 exd3 8. Qxd3 d6
9. Nf3 g6 10. O-O Bg7 11. Rd1 Nd7 12. Nd4 Nde5 13. Nxc6 bxc6 14. Qc2 Bd7 15. e4
O-O 16. c5 fxe4 17. cxd6 Bg4 18. dxc7 Qxc7 19. Rf1 Nf3+ 20. Kh1 Nd4 21. Qxe4 Bf5
22. Qh4 h5 23. Be3 Nc2 24. Qc4+ Kh7 25. Bf4 Qe7 26. Rad1 Rad8 27. Ne4 Bxe4 28.
Bxe4 Nd4 29. Bg2 Rfe8 30. Be3 Nf5 31. Bc5 Qf6 32. b4 axb4 33. axb4 Rxd1 34. Rxd1
Re6 35. h4 Qe5 36. Qd3 Nh6 37. Qd7 Ng4 38. Bd4 Rd6 39. Bxe5 Rxd1+ 40. Qxd1 Nxf2+
41. Kg1 Nxd1 42. Bxg7 Kxg7 43. Bxc6 Nb2 44. b5 Nc4 45. Kf2 Kf6 46. Be8 Kf5 47.
Bf7 Nb6 48. Kf3 Kf6 49. Be8 Kf5 50. Bc6 Nc4 51. Be4+ Kf6 52. Kf4 Nb6 53. Bc6 Nc4
54. Be8 Nb6 55. Ke4 Na4 56. Kd4 Kf5 57. Bd7+ Kf6 58. Bc6 Kf5 59. Bf3 Ke6 60. Bd1
Nb6 61. Kc5 Nc8 62. Bf3 Ke7 63. Be4 Kf6 64. Bb7 Ne7 65. Bg2 g5 66. b6 gxh4 67.
gxh4 Nc8 68. b7 1-0

[Event "6th LCT GpA 2012"]
[Site "Leiden NED"]
[Date "2012.07.10"]
[Round "5.20"]
[White "Borst, Filip"]
[Black "Wilschut, Peter"]
[Result "0-1"]
[WhiteElo "2049"]
[BlackElo "2233"]
[WhiteFideId "1024647"]
[BlackFideId "1007165"]
[EventDate "2012.07.06"]

1. e4 e6 2. d4 d5 3. Nc3 Nc6 4. e5 f6 5. exf6 Nxf6 6. Nf3 Bd6 7. Bb5 O-O 8. Bxc6
bxc6 9. O-O Bd7 10. Re1 Be8 11. Qe2 Bh5 12. Qxe6+ Kh8 13. Bg5 Bxf3 14. gxf3 Qb8
15. b3 Qb4 16. Ne2 Qa5 17. Qe3 Nh5 18. c3 Qa6 19. f4 Qc8 20. f5 Qxf5 21. Ng3 Qf7
22. Qe2 Rae8 23. Be3 Nf4 24. Qf1 Ng6 25. c4 Nh4 26. f4 Nf5 27. Nxf5 Qxf5 28. c5
Be7 29. Bd2 Bf6 30. Re5 Bxe5 31. dxe5 Re6 32. Re1 Qc2 33. Re2 Qxc5+ 34. Kh1 d4
35. Qe1 Qd5+ 36. Re4 g5 37. Kg1 gxf4 38. Bxf4 Rg6+ 39. Bg3 d3 40. Qa1 Qxe4 0-1

[Event "6th LCT GpA 2012"]
[Site "Leiden NED"]
[Date "2012.07.12"]
[Round "6.4"]
[White "Vorobiov, Evgeny E."]
[Black "Goudriaan, Etienne"]
[Result "1-0"]
[WhiteTitle "GM"]
[BlackTitle "FM"]
[WhiteElo "2586"]
[BlackElo "2375"]
[WhiteFideId "4121341"]
[BlackFideId "1021150"]
[EventDate "2012.07.06"]

1. d4 Nf6 2. c4 e6 3. g3 d5 4. Nf3 dxc4 5. Bg2 a6 6. O-O Nc6 7. e3 Rb8 8. Nfd2
e5 9. Bxc6+ bxc6 10. dxe5 Ng4 11. Nxc4 Be6 12. Qe2 h5 13. Rd1 Qc8 14. Nbd2 h4
15. Nf1 hxg3 16. hxg3 Rb4 17. b3 Bd5 18. f3 Bc5 19. fxg4 Rh1+ 20. Kf2 f5 21.
Rxd5 cxd5 22. Qf3 Rh8 23. Qxd5 Rb5 24. Qc6+ Kf8 25. Qf3 g6 26. gxf5 gxf5 27. Bb2
f4 28. e6 Rh7 29. Qxf4+ Ke8 30. Qg4 Re7 31. Qg8# 1-0

[Event "6th LCT GpA 2012"]
[Site "Leiden NED"]
[Date "2012.07.12"]
[Round "6.5"]
[White "Bok, Benjamin"]
[Black "De Jong, Jan-Willem"]
[Result "1/2-1/2"]
[WhiteTitle "IM"]
[BlackTitle "IM"]
[WhiteElo "2512"]
[BlackElo "2429"]
[WhiteFideId "1017063"]
[BlackFideId "1008641"]
[EventDate "2012.07.06"]

1. e4 e5 2. Nf3 Nc6 3. d4 exd4 4. Nxd4 Nf6 5. Nxc6 bxc6 6. e5 Qe7 7. Qe2 Nd5 8.
c4 Nb6 9. Nc3 Qe6 10. Qe4 g6 11. Bd2 Bg7 12. c5 Nd5 13. Bc4 Qxe5 14. Qxe5+ Bxe5
15. O-O-O O-O 16. Bxd5 cxd5 17. Nxd5 Bb7 18. Ba5 Rfe8 19. Rhe1 Bxd5 20. Rxd5
Bf4+ 21. Kd1 Rxe1+ 22. Kxe1 Re8+ 23. Kd1 Re7 24. Bc3 f5 25. g3 c6 26. Rd3 Bc7
27. Bf6 Rf7 28. Bd4 d6 29. cxd6 Bxd6 30. Kc2 Bf8 31. Rc3 Rc7 32. Be5 Rc8 33. Rb3
Bc5 34. Rb7 Bxf2 35. Rg7+ Kf8 36. Rxh7 Re8 37. Bc3 Bg1 38. Kd3 Re3+ 39. Kd2 Rf3
40. Be5 g5 41. h4 Be3+ 42. Kc2 gxh4 43. gxh4 Rh3 44. Rh5 Ke8 45. Rxf5 Rxh4 46.
Rf6 Rh6 47. Rxh6 Bxh6 48. Bd4 a6 49. Kb3 Kd7 1/2-1/2

[Event "6th LCT GpA 2012"]
[Site "Leiden NED"]
[Date "2012.07.12"]
[Round "6.6"]
[White "Pijpers, Arthur"]
[Black "Khenkin, Igor"]
[Result "0-1"]
[BlackTitle "GM"]
[WhiteElo "2341"]
[BlackElo "2669"]
[WhiteFideId "1019554"]
[BlackFideId "4659600"]
[EventDate "2012.07.06"]

1. e4 c6 2. d4 d5 3. Nc3 dxe4 4. Nxe4 Bf5 5. Ng3 Bg6 6. h4 h6 7. Nf3 Nd7 8. h5
Bh7 9. Bd3 Bxd3 10. Qxd3 e6 11. Bd2 Ngf6 12. O-O-O Qc7 13. Ne4 O-O-O 14. g3 Nc5
15. Nxc5 Bxc5 16. Bf4 Bd6 17. Be5 Bxe5 18. Nxe5 c5 19. Qc4 Rxd4 20. Rxd4 cxd4
21. Qxd4 Rd8 22. Qe3 Kb8 23. f4 Nd5 24. Qb3 f6 25. Nd3 Ne3 26. Re1 Nxc2 27. Qxc2
Rxd3 28. Rxe6 Qxc2+ 29. Kxc2 Rxg3 30. Re7 a5 31. a4 Ka7 32. Rd7 Kb6 33. b3 Kc6
34. Re7 b6 35. Kb2 Rh3 36. Rxg7 Rxh5 37. Rg6 Rf5 38. Rxh6 Rxf4 39. Kc3 Kd5 40.
Rh5+ f5 41. b4 Rc4+ 42. Kd3 Rxb4 43. Rxf5+ Kc6 44. Rf6+ Kb7 45. Kc3 Rxa4 46. Kb3
Re4 47. Rh6 Ka6 48. Rg6 a4+ 49. Ka3 Ka5 50. Rg8 Re3+ 51. Kb2 b5 52. Rg4 Re2+ 53.
Kb1 a3 54. Rh4 b4 55. Rh3 Ka4 56. Rg3 Re1+ 0-1

[Event "6th LCT GpA 2012"]
[Site "Leiden NED"]
[Date "2012.07.12"]
[Round "6.9"]
[White "Luch, Michal"]
[Black "Vrublevskaya, Olga"]
[Result "1-0"]
[WhiteTitle "IM"]
[BlackTitle "WIM"]
[WhiteElo "2426"]
[BlackElo "2129"]
[WhiteFideId "1120042"]
[BlackFideId "4130545"]
[EventDate "2012.07.06"]

1. d4 d5 2. Nf3 e6 3. g3 b5 4. Bg2 Bb7 5. Qd3 a6 6. Nbd2 c5 7. c3 Nf6 8. Ne5
Nbd7 9. f4 Be7 10. O-O Qc7 11. g4 cxd4 12. cxd4 Rc8 13. g5 Nh5 14. Nxd7 Qxd7 15.
Nb3 Qc7 16. Bd2 Qc2 17. Qf3 Qg6 18. f5 exf5 19. Bh3 f4 20. Bg4 Nf6 21. gxf6 h5
22. fxe7 hxg4 23. Qxf4 Rc6 24. Rac1 Rh3 25. Rxc6 Bxc6 26. Qb8+ Kxe7 27. Bb4+ Kd7
28. Nc5+ Ke7 29. Nb7+ Kd7 30. Qd8+ Ke6 31. Nc5# 1-0

[Event "6th LCT GpA 2012"]
[Site "Leiden NED"]
[Date "2012.07.12"]
[Round "6.11"]
[White "Spaan, Nathanael"]
[Black "Van Haastert, Edwin"]
[Result "0-1"]
[BlackTitle "IM"]
[WhiteElo "2206"]
[BlackElo "2440"]
[WhiteFideId "1006118"]
[BlackFideId "1003992"]
[EventDate "2012.07.06"]

1. e4 e6 2. d4 d5 3. Nc3 Nf6 4. e5 Nfd7 5. Nce2 c5 6. f4 Nc6 7. Nf3 Be7 8. c3
O-O 9. h4 b5 10. h5 b4 11. h6 g6 12. g3 bxc3 13. bxc3 Qa5 14. Kf2 Ba6 15. Bd2
Bc4 16. Nc1 Bxf1 17. Rxf1 Qa6 18. Rb1 Rab8 19. Rxb8 Rxb8 20. Kg1 Rb2 21. f5 exf5
22. Bg5 Bf8 23. Re1 cxd4 24. e6 fxe6 25. Rxe6 Nc5 26. Qe1 Ne4 27. cxd4 Qc8 0-1

[Event "6th LCT GpA 2012"]
[Site "Leiden NED"]
[Date "2012.07.12"]
[Round "6.14"]
[White "Erwich, Frank"]
[Black "Van Overdam, Jan"]
[Result "1-0"]
[WhiteTitle "FM"]
[WhiteElo "2376"]
[BlackElo "2101"]
[WhiteFideId "1007076"]
[BlackFideId "1022741"]
[EventDate "2012.07.06"]

1. c4 e5 2. g3 c6 3. d4 Bb4+ 4. Bd2 Bxd2+ 5. Qxd2 d6 6. Bg2 Qe7 7. e3 Nf6 8. Ne2
O-O 9. O-O Nbd7 10. Nbc3 Re8 11. e4 Nf8 12. h3 exd4 13. Nxd4 Be6 14. b3 Rad8 15.
Rad1 Bc8 16. f4 Qc7 17. Kh2 a6 18. Bf3 b5 19. cxb5 axb5 20. Rc1 Qd7 21. Qg2 b4
22. Na4 c5 23. Nf5 Ne6 24. Nb6 Qc7 25. Nxc8 Rxc8 26. Qb2 Red8 27. Rfd1 Ne8 28.
Rd2 f6 29. Bg4 Kf7 30. Qc2 h5 31. Be2 g6 32. Bc4 Qd7 33. Nxd6+ Kf8 34. Bxe6 Qxe6
35. Nxc8 1-0

[Event "6th LCT GpA 2012"]
[Site "Leiden NED"]
[Date "2012.07.12"]
[Round "6.16"]
[White "Admiraal, Miguoel"]
[Black "Koenig, Dirk"]
[Result "1-0"]
[WhiteElo "2286"]
[BlackElo "2065"]
[WhiteFideId "1019716"]
[BlackFideId "4636619"]
[EventDate "2012.07.06"]

1. Nf3 Nf6 2. g3 g6 3. Bg2 Bg7 4. O-O O-O 5. d4 d6 6. Nc3 Na6 7. e4 c6 8. h3 Qb6
9. Re1 Rd8 10. a4 e5 11. Be3 Qc7 12. Qd2 Nb4 13. Rad1 Be6 14. Qe2 a6 15. Ng5 b5
16. Nxe6 fxe6 17. dxe5 dxe5 18. h4 Bf8 19. Bh3 Kf7 20. Bg5 Rxd1 21. Nxd1 Qd6 22.
Ne3 Nxe4 23. Qf3+ Kg7 24. Qxe4 h6 25. Rd1 Nd5 26. Bxh6+ Kxh6 27. Ng4+ Kg7 28.
Nxe5 1-0

[Event "6th LCT GpA 2012"]
[Site "Leiden NED"]
[Date "2012.07.12"]
[Round "6.18"]
[White "Roorda, Thijs"]
[Black "Van Beek, Alexander"]
[Result "0-1"]
[BlackTitle "IM"]
[WhiteElo "2025"]
[BlackElo "2329"]
[WhiteFideId "1027930"]
[BlackFideId "1007262"]
[EventDate "2012.07.06"]

1. Nf3 Nf6 2. c4 g6 3. Nc3 d5 4. cxd5 Nxd5 5. e4 Nxc3 6. bxc3 Bg7 7. d4 c5 8.
Be3 Bg4 9. Bb5+ Nc6 10. Bxc6+ bxc6 11. Qa4 O-O 12. Rb1 cxd4 13. cxd4 e5 14. dxe5
Bxf3 15. gxf3 Bxe5 16. Ke2 Qd7 17. h3 Rfd8 18. Rb3 Rab8 19. f4 Rxb3 20. Qxb3 Bc7
21. Kf3 Bb6 22. h4 h5 23. f5 gxf5 24. Rg1+ Kh7 25. Rg5 fxe4+ 26. Kxe4 Bxe3 27.
Kxe3 Qd2+ 28. Ke4 Rd4+ 29. Kf5 Qf4# 0-1